Newspaper Comic Author Match Quiz Stats

 Plays Quiz Updated Jul 8, 2018

Challenge
Share
Tweet
Score 0/20 Timer 03:00
0 Plays Today
% Correct
Peanuts
95.8%
Garfield
88.9%
The Far Side
84.7%
Calvin and Hobbes
78.8%
Doonesbury
77.5%
Dilbert
69.9%
Beetle Bailey
63.9%
Opus
54.8%
B.C.
51.1%
Hägar the Horrible
45.5%
% Correct
Pearls Before Swine
36.1%
Dick Tracy
35.5%
Get Fuzzy
30.4%
Zits
23.8%
Mother Goose and Grimm
18.8%
The Phantom
18.1%
Non Sequitur
17.9%
Pluggers
14.9%
Sherman's Lagoon
12.8%
Lio
10.5%

You're not logged in!

Compare scores with friends on all Sporcle quizzes.
OR
Log In

You Might Also Like...

Show Comments

Extras

Top Quizzes Today


Score Distribution

Your Account Isn't Verified!

In order to create a playlist on Sporcle, you need to verify the email address you used during registration. Go to your Sporcle Settings to finish the process.

Report this User

Report this user for behavior that violates our Community Guidelines.

Details: